000 00862naa a22002417u 4500
001 20898
003 HDC
007 cr bn ---aaaaa
008 210306t200901 xx 000 0 eng
040 _aHDC
100 _aZAAHIRA MUHAMMAD,
_eauthor
_92349
245 0 _aMalaysia's First Halal Microwaveable Ready-to-Eat Convenient Meal /
_cby ZAAHIRA MUHAMMAD
260 _a[No place] :
_b[publisher not identified],
_c2009
336 _atext
_2rdacontent
337 _acomputer
_2rdamedia
338 _aonline resource
_2rdacarrier
650 _aHalal food industry
_xCertification
_zMalaysia
_9405
650 _aHalal food
_950
856 _zRequest full-text at [email protected]
942 _2lcc
942 _cEIJ
942 _kEMAG 000929
999 _c18214
_d18214